Is there a Transition to Democracy in El Salvador? (Record no. 199)

MARC details
000 -LEADER
fixed length control field 00518nam a2200169Ia 4500
008 - FIXED-LENGTH DATA ELEMENTS--GENERAL INFORMATION
fixed length control field 240428s9999||||xx |||||||||||||| ||und||
020 ## - INTERNATIONAL STANDARD BOOK NUMBER
International Standard Book Number 1555873103
041 ## - LANGUAGE CODE
Language code of text/sound track or separate title eng
082 ## - DEWEY DECIMAL CLASSIFICATION NUMBER
Classification number 320.9-I
100 ## - MAIN ENTRY--PERSONAL NAME
Personal name Tulchin, Joseph S. (ed) - Bland, Gary (ed)
245 #0 - TITLE STATEMENT
Title Is there a Transition to Democracy in El Salvador?
260 ## - PUBLICATION, DISTRIBUTION, ETC.
Name of publisher, distributor, etc. Lynne Rienner Pub
Place of publication, distribution, etc. London
Date of publication, distribution, etc. 1992
300 ## - PHYSICAL DESCRIPTION
Extent viii, 213p;
650 ## - SUBJECT ADDED ENTRY--TOPICAL TERM
Topical term or geographic name entry element Democracy- El Salvador - Politics- El Salvador - Transition to democracy- El Salvador
942 ## - ADDED ENTRY ELEMENTS (KOHA)
Koha item type Books
Holdings
Withdrawn status Lost status Damaged status Not for loan Home library Current library Shelving location Date acquired Total checkouts Full call number Date last seen Copy number Price effective from Koha item type
        Main Library Main Library Open Shelves 12/08/2021   320.9-I 768 C1 29/04/2024 1 29/04/2024 Books
©2026  Parliament of Ghana Library - All rights reserved